| 000 | 00673nam a2200205 a 4500 | ||
|---|---|---|---|
| 005 | 20220613083350.0 | ||
| 008 | 991125s1925 es 000 0 spa u | ||
| 035 | _aUPN01000008340 | ||
| 049 | _aCE | ||
| 050 | 4 |
_aPT9766 L24 _bC538 |
|
| 100 | 1 |
_aLagerlof, Selma Ottiliana Lovisa, _d1858-1940 _928934 |
|
| 245 | 1 | 0 |
_aClara Aurelia emperatriz de Portugal / _cSelma Lagerlf ; tr. directa del sueco de Rodolfo J. Slaby. |
| 260 |
_aBarcelona, Esp. : _bCervantes, _c1925. |
||
| 300 | _a301 p. | ||
| 440 | 0 | _aCervantes | |
| 500 | _aDisponible en la Colección Medina | ||
| 650 | 4 |
_aLITERATURA SUECA - _vTRADUCCIONES AL ESPAÑOL |
|
| 650 | 0 |
_aNovela sueca _915659 |
|
| 905 | _aLibro | ||
| 999 |
_c8340 _d8340 |
||